| 000 | 00614nam a2200205 a 4500 | ||
|---|---|---|---|
| 005 | 20241005064204.0 | ||
| 008 | 120627s2008 mx r 000 0 spa d | ||
| 020 | _a9788420473215 | ||
| 035 | _aUPN01000185520 | ||
| 049 | _aCG | ||
| 050 | 4 |
_aPQ6657 O5.92 _bA5.7 |
|
| 100 | 1 |
_aGonzález, Angel, _d1925-2008 _932518 |
|
| 245 | 1 | 0 |
_aAntología de poesía para jóvenes / _cAngel González ; pról. de Benjamín Prado. |
| 260 |
_aMadrid : _bAlfaguara, _cc2008. |
||
| 300 | _a106 p. | ||
| 440 | 0 |
_aAlfaguara. _vRoja |
|
| 650 | 4 |
_aPoesía Española _ySiglo XX _91243 |
|
| 650 | 4 |
_aEntrevistas _917201 |
|
| 905 | _aLibro | ||
| 999 |
_c157623 _d157623 |
||